La novela española contemporánea (Record no. 113879)

MARC details
000 -LEADER
campo de control de longitud fija 00571nam a2200193 4500
001 - NÚMERO DE CONTROL
campo de control 113879
003 - IDENTIFICADOR DE NÚMERO DE CONTROL
campo de control ES-MaACL
005 - FECHA Y HORA DE LA ÚLTIMA TRANSACCIÓN
campo de control 20230906190026.0
007 - CAMPO FIJO DE DESCRIPCIÓN FÍSICA--INFORMACIÓN GENERAL
campo de control de longitud fija t|
008 - DATOS DE LONGITUD FIJA--INFORMACIÓN GENERAL
campo de control de longitud fija 061121s1958 sp r ||||1| spa d
100 1# - ENTRADA PRINCIPAL--NOMBRE DE PERSONA
Nombre de persona Nora, Eugenio de.
9 (RLIN) 85952
245 13 - MENCIÓN DEL TÍTULO
Título La novela española contemporánea
Resto del título : 1898-1927 /
Mención de responsabilidad, etc. Eugenic de Nora.
260 ## - PUBLICACIÓN, DISTRIBUCIÓN, ETC.
Lugar de publicación, distribución, etc. Madrid :
Nombre del editor, distribuidor, etc. Gredos,
Fecha de publicación, distribución, etc. 1958.
300 ## - DESCRIPCIÓN FÍSICA
Extensión 2 t. ;
Dimensiones 20 cm.
490 1# - MENCIÓN DE SERIE
Mención de serie Biblioteca románica hispánica
830 0# - PUNTO DE ACCESO ADICIONAL DE SERIE-TÍTULO UNIFORME
Título uniforme Biblioteca románica hispánica
9 (RLIN) 180746
852 ## - LOCALIZACIÓN
Ubicación ES-MaACL
Número de control de estantería E-4823-4
Sublocalización o colección R.43096
Holdings
Estatus retirado Estado de pérdida Estado de daño No para préstamo Biblioteca de origen Biblioteca actual Ubicación en estantería Fecha de adquisición Fuente de adquisición Total de préstamos Signatura topográfica completa Código de barras Visto por última vez Precio de reemplazo Tipo de ítem Koha
        Biblioteca del Ateneo de Madrid Biblioteca del Ateneo de Madrid Depósito 2 17/01/2008     E-4823-4 1118766 23/02/2023 23/02/2023 Libro impreso